00294pab a2200121 454500008004000000100002300040245004200063260000900105300000900114362001100123650001900134773001900153180718b1995 xxu||||| |||| 00| 0 eng d aGuha Roy, Jaytilak aCase for privatising the police force c1995 ap.12 a22 Feb aPolice - India aTimes of India